000 00972nam a2200313Ia 4500
003 OSt
005 20220912145129.0
006 a|||||r|||| 00| 0
007 ta
008 220909b |||||||| |||| 00| 0 eng d
020 _a9788173198540 (pbk)
024 _a99458
037 _b370, 30/03/2010, N R Book Distributors
037 _cTextual
040 _aCSL
_beng
_cCSL
041 _aeng
082 _aB28931, P9;3-;5 cc6
100 _aChandra Suresh
245 0 _aNumerical optimization with applications
260 _aNew Delhi
_bNarosa Publishing House
_c2009
300 _axiii, 694p.
_ccm.
500 _aReferences 681-691p.; Index 691-694p.
650 _a Numerical optimization
650 _aOperational research
700 _a Jayadeva
700 _a Mehra Aparna
942 _hB28931, P9;3-;5 cc6
_cTEXL
_2CC
999 _c24024
_d24024